Mezinárodní vztahy v dopravě

Gespeichert in:
Bibliographische Detailangaben
Format: Buch
Sprache:Tschechisch
Veröffentlicht: Praha Nakladatelství dopravy a spojů 1985
Tags: Tag hinzufügen
Keine Tags, Fügen Sie das erste Tag hinzu!

MARC

LEADER 00000nam a2200000 4500
001 c110459
005 20041019155146.8
041 0 |a cze 
044 |a CZ 
245 1 0 |a Mezinárodní vztahy v dopravě 
264 1 |a Praha  |b Nakladatelství dopravy a spojů  |c 1985 
300 |a 153 s.